000 00581nam a2200205Ia 4500
003 OSt
005 20240401122220.0
008 210210b1948 xxu||||| |||| 00| 0 eng d
040 _cAL
041 _aKannada
082 _a852/474
100 _aRAJARATNAM (G P)
_9137103
_dರಾಜರತ್ನಂ ಜಿ ಪಿ.
245 _aRannana rasaghatti
_bರನ್ನನ ರಸಘಟ್ಟಿ
260 _aBengaLuru
_bHind Kitabs Ltd.,
_c1948
650 _arasaghatti
_9137104
650 _aRannana
_9137105
690 _aKannada Prose
_9137106
906 _a019040
942 _2ddc
_cBK
999 _c143091
_d143091